Central Library and Information Centre
Sibsagar Girls' College, Sivasagar : Assam

DEVELOPMENT ECONOMICS, INTERNATIONAL ECONOMICS AND STATISTICS (Record no. 26515)

MARC details
000 -LEADER
fixed length control field 00707cam a2200217ua 4500
001 - CONTROL NUMBER
control field 23267
008 - FIXED-LENGTH DATA ELEMENTS--GENERAL INFORMATION
fixed length control field 190701n2013 II |||gr||||Z||||||eng
041 ## - LANGUAGE CODE
Language code of text/sound track or separate title eng
082 ## - DEWEY DECIMAL CLASSIFICATION NUMBER
Classification number 330.021
100 1# - MAIN ENTRY--PERSONAL NAME
Personal name MUKHERJEE, DEBES,
Relator term AUTHOR.
245 ## - TITLE STATEMENT
Title DEVELOPMENT ECONOMICS, INTERNATIONAL ECONOMICS AND STATISTICS
Medium Textual Documents
250 ## - EDITION STATEMENT
Edition statement 1ST.
260 ## - PUBLICATION, DISTRIBUTION, ETC.
Place of publication, distribution, etc. NEW DELHI
Name of publisher, distributor, etc. NCBA (NEW CENTRAL BOOK AGENCY)
Date of publication, distribution, etc. 2013
300 ## - PHYSICAL DESCRIPTION
Extent 197:
Dimensions 20CM.
500 ## - GENERAL NOTE
General note RUSA
653 ## - INDEX TERM--UNCONTROLLED
Uncontrolled term Statistical Economics
700 1# - ADDED ENTRY--PERSONAL NAME
Personal name MUKHERJEE, DEBES,
Relator term AUTHOR.,
700 ## - ADDED ENTRY--PERSONAL NAME
Personal name BHATTACHARJEE, DEB KR.

No items available.



Sibsagar Girl's College © 2020. All rights reserved.
Powered by Koha.
Maintained by Abhijit Borpuzari.